Za Milošom Tomčíkom

Bibliographic Details
Main Author: Petrík, Vladimír, 1929-2017 (Author)
Format: Article
Language:Slovak
Subjects:

MARC

LEADER 00000cab a2200000 a 4500
001 vtls010081353
003 SK-MaSNL
005 20260304160029.0
008 250507|2009 xo |||||||||||000 ||slo|
015 |a SNBRB2010/03 
035 |a (uuid)f5b4af38-e34f-4330-9b83-487e2954a710 
035 |a urn:nbn:sk:snk-abf5pd 
035 |a (urnnbn)urn:nbn:sk:snk:ar-004zb3 
038 |a SNKBUCL 
040 |a SNKBUCL  |b slo  |c SNKBUCL  |e AACR2 
041 0 |a slo 
044 |a xo  |c SK 
080 |a 82:929:821.162.4  |2 2001 
080 |a 821.162.4:929  |2 2001 
080 |a 82-051  |2 2001 
080 |a 929 Tomčík, Miloš  |2 2001 
080 |a 82.0  |2 2001 
100 1 |a Petrík, Vladimír,  |d 1929-2017  |4 aut  |9 171168 
245 1 0 |a Za Milošom Tomčíkom  |c Vladimír Petrík 
600 1 7 |a Tomčík, Miloš,  |d 1922-2009  |2 SNKMA  |9 131365 
655 7 |a profily  |2 snkbucl  |9 341977 
773 0 |t Slovenská literatúra  |g Roč. 56, č. 5-6 (2009), s. 492-494  |x 0037-6973 
850 |a Slovenská národná knižnica 
852 |a Slovenská národná knižnica 
954 |a odborná, vedecká literatúra pôvodná (slovenská)  |2 lita 
958 |a article27 
958 |a LX 
958 |a SK 
958 |a BX 
958 |a OND 
958 |a EUIPO 
958 |a PETRIKApj/2009 
999 |c 2965166  |d 2967096